| 000 | 00511nam a2200169 a 4500 | ||
|---|---|---|---|
| 005 | 20240113063549.0 | ||
| 008 | 120810s2000 mx r 000 0 spa d | ||
| 035 | _aUPN01000186118 | ||
| 049 | _aF | ||
| 050 | 4 |
_aLC1035.8 M6 _bG6.7 |
|
| 100 | 1 | _aGonzález Sánchez, José Fernando | |
| 245 | 1 | 0 |
_aRetos y desafíos de la educación básica en México / _cJosé Fernando González Sánchez. |
| 260 |
_aMéxico : _c[20--]. |
||
| 300 | _a26 p. | ||
| 650 | 4 |
_aEducación básica _zMéxico _921103 |
|
| 905 | _aLibro | ||
| 999 |
_c158221 _d158221 |
||